Current quiz book of trivia (Record no. 7010)
[ view plain ]
| 000 -LEADER | |
|---|---|
| fixed length control field | 00656 a2200193 4500 |
| 005 - DATE AND TIME OF LATEST TRANSACTION | |
| control field | 20080917120755.0 |
| 008 - FIXED-LENGTH DATA ELEMENTS--GENERAL INFORMATION | |
| fixed length control field | 080917t xxu||||| |||| 00| 0 eng d |
| 010 ## - LCCN (DPL NO) | |
| LC control number | ENG-87790 |
| 020 ## - INTERNATIONAL STANDARD BOOK NUMBER | |
| International Standard Book Number | 8126414278 |
| Terms of availability | 50.00 |
| 035 ## - SYSTEM CONTROL NUMBER | |
| System control number | EN-71323 |
| 037 ## - SOURCE OF ACQUISITION | |
| Source of stock number/acquisition | DBAD / PUB |
| 082 ## - DEWEY DECIMAL CLASSIFICATION NUMBER | |
| Classification number | 000 |
| 245 ## - TITLE STATEMENT | |
| Title | Current quiz book of trivia |
| Statement of responsibility, etc | compiled by Vijaynath V. |
| 260 ## - PUBLICATION, DISTRIBUTION, ETC. (IMPRINT) | |
| Place of publication, distribution, etc | Kottayam |
| Name of publisher, distributor, etc | D.C. Books |
| Date of publication, distribution, etc | 2007 |
| 270 ## - ADDRESS | |
| State or province | Kerala State |
| Postal code | 686 001 |
| 300 ## - PHYSICAL DESCRIPTION | |
| Extent | 114 p. |
| Dimensions | 21 cm ( pbk.) |
| 942 ## - ADDED ENTRY ELEMENTS (KOHA) | |
| Institution code [OBSOLETE] | dpl |
| Item type | English Books |
| Call number prefix | 000/CUR |
| Source of classification or shelving scheme | Dewey Decimal Classification |
| Classification part | 000 |
| Call number suffix | CUR |
| Withdrawn status | Lost status | Source of classification or shelving scheme | Damaged status | Not for loan | Collection code | Home library | Current library | Date acquired | Cost, normal purchase price | Total Checkouts | Full call number | Barcode | Date last seen | Copy number | Cost, replacement price | Koha item type |
|---|---|---|---|---|---|---|---|---|---|---|---|---|---|---|---|---|
| Dewey Decimal Classification | Not For Loan | Non-fiction | D.B.Act.Division | D.B.Act.Division | 17/09/2008 | 50.00 | 000 CUR | EN-71323 | 15/09/2008 | 1 | 50.00 | English Books |
